Quiz wiedzy o Wielkiej Brytanii. - Statystyki

Ogólne statystyki
  • Ten quiz został rozwiązany 147 razy
  • Średni wynik to 6 z 10
Statystyki odpowiedzi
Zagadnienie Odpowiedź % Poprawnych
Jaka jest stolica Wielkiej Brytanii? Londyn
98%
Kto jest królem/królową Wielkiej Brytanii? Elżbieta II
96%
Kto jest premierem Wielkiej Brytanii? (stan na 2.06.2020) Boris Johnson
83%
Jakie kraje graniczą z Wielką Brytanią? (terytorium zamorskie np.giblartar nie liczy się) Irlandia
80%
Na jakie jednostki administracyjne jest podzielona Wielka Brytania? (chodzi tu o polskie województwa) Hrabstwa
73%
Jaki jest najwyższy szczyt Wielkiej Brytanii? Ben Nevis
46%
Jaka partia rządzi Wielką Brytania? (stan na 2.06.2020) Partia Konserwatywna
46%
Jaka jest najdłuższa rzeka we Wielkiej Brytanii? Severn
34%
Ile ludzi mieszka w Wielkiej Brytanii? (stan na 2.06.2020) 67 mln
24%
Ile ludzi mieszka w stolicy Wielkiej Brytanii? (stan na 2.06.2020) 9 mln
17%
Nie znaleziono quizów pasujących do podanych kryteriów
Rozkład punktacji
Procent ludzi z każdym wynikiem
Percentyl według liczby udzielonych odpowiedzi
Twoja historia wyników
Nie rozwiązałeś tego quizu